000 00861nam a2200265 a 4500
001 000021133
005 20200930011237.0
008 100831s2000 sp r 000 f spa d
020 _a8479533943
040 _aDO-SdBNP
_bspa
_cBNPHU
041 1 7 _aspa
_heng
_2Código de idioima MARC
082 _a813.54
_bK52s
100 1 _aKing, Susan,
_d1951-
_944187
240 1 4 _aThe raven's wish.
_lEspañol.
245 1 0 _aSangre indómita /
_cSusan King ; traducción de Cristina Martín Sanz.
260 _aBarcelona :
_bUrano,
_c2000.
300 _a448 p. ;
_c18 cm.
490 1 _aTitania bolsillo
_v2
534 _pTítulo original en inglés:
_tThe raven's wish.
650 4 _aNovela estadounidense
_9262
650 4 _aLiteratura estadounidense
_9263
700 1 _aMartín Sanz, Cristina,
_etr.
_944188
830 0 _aTitania bolsillo ;
_v2
_944189
049 _aBNGR
999 _c20635
_d20635